Renewal pathfinder gets £125m (Record no. 73588)
[ view plain ]
| 000 -LEADER | |
|---|---|
| fixed length control field | 01304cam a2200241 4500 |
| 001 - CONTROL NUMBER | |
| control field | WB3939-10 |
| 008 - FIXED-LENGTH DATA ELEMENTS--GENERAL INFORMATION | |
| fixed length control field | 031014n2003 000 0 eng u |
| 035 ## - SYSTEM CONTROL NUMBER | |
| System control number | (Sirsi) u123915 |
| 245 ## - TITLE STATEMENT | |
| Title | Renewal pathfinder gets £125m |
| 260 ## - PUBLICATION, DISTRIBUTION, ETC. | |
| Date of publication, distribution, etc. | 2003 |
| 490 ## - SERIES STATEMENT | |
| Series statement | Regeneration and Renewal |
| Volume/sequential designation | 10 October 2003, 1 |
| 490 ## - SERIES STATEMENT | |
| Series statement | Inside Housing |
| Volume/sequential designation | 10 October 2003, 2 |
| 490 ## - SERIES STATEMENT | |
| Series statement | ODPM News Release |
| Volume/sequential designation | (200) 6 October 2003, (4) |
| 520 ## - SUMMARY, ETC. | |
| Summary, etc. | Government has provided £125m for the first of its pathfinder projects to renew the housing markets in nine areas about the country. Manchester is the first project to receive money to counter the collapsing housing market and help revitalise communities. The other areas are Birmingham and Sandwell, Merseyside, Newcastle and Gateshead, North Staffordshire, Oldham and Rochdale and South Yorkshire. A report by the Audit Commission praising the Manchester project is available online at http://www.audit-commission.gov.uk. Some of the areas have expressed concern that the money may be insufficient. |
| 590 ## - LOCAL NOTE (RLIN) | |
| Local note | WB |
| 650 ## - SUBJECT ADDED ENTRY--TOPICAL TERM | |
| Topical term or geographic name entry element | URBAN REGENERATION |
| 650 ## - SUBJECT ADDED ENTRY--TOPICAL TERM | |
| Topical term or geographic name entry element | HOUSE RENOVATIONS |
| 650 ## - SUBJECT ADDED ENTRY--TOPICAL TERM | |
| Topical term or geographic name entry element | COMMUNITY SCHEMES |
| 650 ## - SUBJECT ADDED ENTRY--TOPICAL TERM | |
| Topical term or geographic name entry element | GOVERNMENT FUNDING |
| 650 ## - SUBJECT ADDED ENTRY--TOPICAL TERM | |
| Topical term or geographic name entry element | DEPRIVED AREAS |
| 690 ## - LOCAL SUBJECT ADDED ENTRY--TOPICAL TERM (OCLC, RLIN) | |
| Topical term or geographic name as entry element | PROPERTY-RESIDENTIAL PROPERTY-RESIDENTIAL PROPERTY MARKET |
| 942 ## - ADDED ENTRY ELEMENTS (KOHA) | |
| Suppress in OPAC | 0 |
| Withdrawn status | Lost status | Source of classification or shelving scheme | Damaged status | Not for loan | Home library | Current library | Shelving location | Date acquired | Total Checkouts | Full call number | Barcode | Date last seen | Copy number | Price effective from | Koha item type |
|---|---|---|---|---|---|---|---|---|---|---|---|---|---|---|---|
| Dewey Decimal Classification | London | London | News article | 14/10/2003 | WB3939-10 | 123915-1001 | 06/08/2019 | 1 | 06/08/2019 | News article |